Saasthreeyamaya valaprayogathinu mannum ilayum parisodhikkam (Record no. 75331)
[ view plain ]
| 000 -LEADER | |
|---|---|
| fixed length control field | 00256nam a22000977a 4500 |
| 100 ## - MAIN ENTRY--AUTHOR NAME | |
| Personal name | Ambily, K.K. |
| 245 ## - TITLE STATEMENT | |
| Title | Saasthreeyamaya valaprayogathinu mannum ilayum parisodhikkam |
| 260 ## - PUBLICATION, DISTRIBUTION, ETC. (IMPRINT) | |
| Name of publisher | Rubber, 699(August): 2024. 14-16. |
| 300 ## - PHYSICAL DESCRIPTION | |
| Other physical details | Malayalam |
| 942 ## - ADDED ENTRY ELEMENTS (KOHA) | |
| Koha item type | Journals |
| Withdrawn status | Lost status | Damaged status | Not for loan | Home library | Current library | Date acquired | Koha item type |
|---|---|---|---|---|---|---|---|
| RRII Library | RRII Library | 03/09/2024 | Journals |